00605nam a2200229 a 4500001001300000003000900013005001700022008004100039020001000080082001300090100001500103245002700118260003400145300000900179500003500188650001600223700001500239902000800254942000700262952009300269999001300362nice12345678IN_TiNIC20260116011313.0070625s1905 lona grp 000 0 eng  ac12000a239bBAL aBallard, F aHaeckel`s Monism False aLondonbCharles H Kellyc1905 a605p aincludes index and biblioraphy aApologetics1 aBallard, F bSRS cBK 00104070aHMIbHMId2007-06-25g120.00l0o239 BALp1382r2007-06-25w2026-01-16yARB c334d334